| 000 | 00852nam a2200241 i 4500 | ||
|---|---|---|---|
| 001 | 32325 | ||
| 003 | ES-MaACL | ||
| 005 | 20250927063034.0 | ||
| 007 | t| | ||
| 008 | 030131s1985 sp ||||1| spa d | ||
| 100 | 1 |
_aBennassar, Bartolomé, _d1929- _927727 |
|
| 245 | 1 | 4 |
_aLos españoles _b: actitudes y mentalidad : desde el s. XVI al s. XIX / _cBartolomé Bennassar ; versión íntegra del francés al castellano Araceli de la Encina Pascua. |
| 250 | _a1ª ed. | ||
| 260 |
_a[Madrid] : _bSwan, _c[1985] |
||
| 300 |
_a258 p., 8 lám. ; _c24 cm. |
||
| 490 | 1 |
_aColección Torre de la bótica ; _v4 |
|
| 500 | _aIndices. | ||
| 504 | _aBibliografía. | ||
| 700 | 1 |
_aEncina Pascua, Araceli de la. _947176 |
|
| 830 | 0 |
_aColección Torre de la bótica ; _v4 _9229408 |
|
| 852 |
_aES-MaACL _jL-8525 _bR.108679 |
||
| 999 |
_c32325 _d32325 |
||